XI Roku 2002 wg Tygodnika "Piłka Nożna" (spoza Europy) - Statystyki

Ogólne statystyki
  • Ten quiz został rozwiązany 45 razy
  • Średni wynik to 6 z 11
Statystyki odpowiedzi
Pozycja Kraj Klub Zawodnik % Poprawnych
ŚPO Brazylia PSG Ronaldinho
98%
N Brazylia Inter/Real M. Ronaldo
98%
LO Brazylia Real M. Roberto Carlos
90%
N Brazylia Barcelona/Milan Rivaldo
83%
ŚO Brazylia Leverkusen Lucio
57%
LP Brazylia Leverkusen/Bayern Ze Roberto
43%
ŚPD Brazylia Arsenal Gilberto Silva
40%
BR USA Blackburn Brad Friedel
36%
PO Kamerun Arsenal Lauren
21%
ŚO Brazylia Lyon Edmilson
14%
PP Argentyna Hellas/Juventus Mauro Camoranesi
12%
Nie znaleziono quizów pasujących do podanych kryteriów
Rozkład punktacji
Procent ludzi z każdym wynikiem
Percentyl według liczby udzielonych odpowiedzi
Twoja historia wyników
Nie rozwiązałeś tego quizu